00439nam a2200169Ia 4500003000400000005001700004008004100021020001800062040000700080041000800087082002100095100002400116245006400140260003800204300001400242365001300256OSt20230329100230.0210423s2010 xx 000 0 und d a9788123917948 cAL aeng a615.4 223bSIDA aSIDDIQUI (Anees A). aLab manual selected experiments of pharmaceutical analysis. aNew DelhibCBS Publicationsc2010 ax,242bPB b250cINR